00753nam a2200253 a 4500001001300000003000900013005001700022008004100039020000800080082001700088100002300105245003900128260004900167300000900216500003500225505001000260650003200270650003300302700002300335902000800358942000700366952011300373999001300486nice12345678IN_TiNIC20260116011321.0050524s1925 laha grp 000 0 eng  ac000a954.024bKHA aKhan, Zulfiqar Ali aSher Shah Surib Emperor of India. aLahorebCivil and Military Gazette Ltdc1925 a114p aincludes index and biblioraphy2 aIndex aIndia-History Muslim Period aIndia-History Sher Shah Suri1 aKhan, Zulfiqar Ali bSRS cBK 001040708StackRoom-aHMIbHMId2005-05-24g0.00l0o954.024 KHAp00441r2005-05-24v0.00w2005-05-24yBK c448d448